01134 2200229 4500001002100000005001500021035002500036008004100061245051600102100003400618260005000652300004500702020002200747082000800769084000800777520002000785650002300805990001900828990001900847990001900866990001900885INLIS00000000000478620251216114631 a0010-121900000004786251216 | ind 1 aMaster kata-kata akademis bahasa inggris :bKata-kata akademis bahasa inggris adalah sekitar 570 kata yangbanyak mewarnai teks-teks akademis dari berbagai bidang. Dengan penguasaan kata-kata ini, seseorang yang sudah menguasai setidaknya 3000-an kata bahasa inggris bisa meningkatkan kualitas pemahamannya terhadap isi teks akademis sudah menjadi suatu keniscayaan dalam ranah seorang insan intelektual, entah itu lulusan SMA, mahasiswa dari berbagai jenjang, bahkan para dosen. /cPatrisius istiarto djiwandono0 aPatrisius istiarto djiwandono aAndi : Yogyakarta :bAndi : Yogyakarta,c2018 ai.182hlm : 16x23cm ;ci.182hlm : 16x23cm a978-979-29-6714-2 a400 a425 aAPBD 2019 4 EKS 4aBahasa Inggris 425 aB2019110811751 aB2019110811752 aB2019110811753 aB2019110811754